000 00550nam a22001697a 4500
005 20251108164025.0
008 250721s1994 xx 000 0 ara d
082 1 4 _a149.7/فوا
100 1 _aالفواخيري، مصطفى
245 1 0 _aالحركة العقلية :
_bشواهد تاريخية و مؤشرات بيوسيكولوجية /
264 1 _aبيروت :
_bالمؤسسة العربية للدراسات،
_c1994.
300 _a196ص.
650 1 7 _aالعقلانية
650 1 7 _aالفلسفة
942 _2ddc
_cBK
999 _c1678
_d1678